000 00641nam a22002175a 4500
003 CO-BoRNBP
005 20241105161956.0
007 ta
008 160601s g 000 0dspa d
020 _a9789585894747
040 _aCO-BoBLA
_bspa
_cCO-BoBLA
245 1 0 _aBajo el mismo cielo :
_bMax y Eluney /
_cJhoana Barbosa; ilustraciones, Juan Sebastián Pardo Barbosa
250 _a1a. edición
264 _aBogotá, Colombia
_bTiempo de Leer
_c2015
300 _a48 p.
336 _2rdacontent
_atexto
_btxt
337 _2rdamedia
_asin mediación
_bn
338 _2rdacarrier
_avolumen
_bnc
650 _2LEMB
942 _2ddc
_cBKLIT
999 _c38517
_d38517